|
|
|
|
| LEADER |
00976nam a2200265 a 4500 |
| 001 |
c000107275 |
| 003 |
CARM |
| 005 |
19911206000000.0 |
| 008 |
721117r19721929enk 000 1 eng d |
| 015 |
|
|
|a B7230144
|
| 019 |
1 |
|
|a 3517174
|5 LACONCORD2021
|
| 020 |
|
|
|a 0002310562 :
|c L.1.50
|
| 035 |
|
|
|a (OCoLC)3055151
|5 LACONCORD2021
|
| 040 |
|
|
|a BNB
|b eng
|c BNB
|d SUA
|
| 082 |
0 |
4 |
|a 823/.9/1
|2 18
|
| 100 |
1 |
|
|a Crofts, Freeman Wills,
|d 1879-1957.
|
| 245 |
1 |
4 |
|a The box office murders /
|c Freeman Wills Croft[s].
|
| 260 |
|
|
|a London :
|b Collins [for] the Crime Club,
|c 1972.
|
| 300 |
|
|
|a 250 p. ;
|c 21cm.
|
| 500 |
|
|
|a Fiction in English, 1900-. Texts (BNB/PRECIS)
|
| 500 |
|
|
|a Originally published 1929.
|
| 710 |
2 |
|
|a Crime Club.
|t Publications.
|
| 852 |
8 |
|
|b CARM
|h A2:AI04G0
|i A02216
|p 0154586
|f BK
|
| 999 |
f |
f |
|i 5f44311d-07cd-557f-ae3e-8d3730a104fb
|s 5cb6553d-8e26-57bc-a17f-f779c23d7b24
|
| 952 |
f |
f |
|p Can circulate
|a CAVAL
|b CAVAL
|c CAVAL
|d CARM 1 Store
|e A02216
|f A2:AI04G0
|h Other scheme
|i book
|m 0154586
|